header

Scientists and storytellers (Record no. 125866)

MARC details
000 -LEADER
fixed length control field 02013nam a2200421 a 4500
082 04 - DEWEY DECIMAL CLASSIFICATION NUMBER
Classification number 301.0979
100 1# - MAIN ENTRY--AUTHOR NAME
Personal name Lavender, Catherine Jane.
245 10 - TITLE STATEMENT
Title Scientists and storytellers
260 ## - PUBLICATION, DISTRIBUTION, ETC. (IMPRINT)
Place of publication Albuquerque :
Name of publisher University of New Mexico Press,
Year of publication 2006.
300 ## - PHYSICAL DESCRIPTION
Number of Pages viii, 248 p.
505 0# - FORMATTED CONTENTS NOTE
Formatted contents note Taking the field: the social context of southwestern ethnography -- Present at the creation -- The poetic professor -- Listening daughters -- Executive females and matriarchs -- "Is she not a man?" -- Making it new by making it old -- Strands of knowledge.
650 #0 - SUBJECT ADDED ENTRY--TOPICAL TERM
Topical Term Feminist anthropology
Topical Term Women anthropologists
Topical Term Ethnology
Topical Term Indians of North America
856 40 - ELECTRONIC LOCATION AND ACCESS
Uniform Resource Identifier http://site.ebrary.com/lib/rucke/Doc?id=10492243

No items available.

© 2026 Rongo University
Contact us: librarian | system librarian | Rongo university